Estatísticas para Países com Mais Terremotos

Clique aqui para jogar o quiz

Estatísticas Gerais

  • Esse quiz foi jogado 8 656 vezes
    (5 946 desde o último reset)
  • A pontuação média é 7 de 10

Estatísticas das Respostas

#País% Correto
16Japão
98%
18Estados Unidos
90%
9China
88%
21Chile
76%
28Indonésia
74%
11México
73%
13Rússia
69%
8Filipinas
54%
15Peru
48%
10Papua Nova Guiné
26%

Distribuição das Pontuações

Percentil de Números Respondidos

Porcentagem de Pessoas com Cada Pontuação

Sua Pontuação Histórica

Você não jogou esse quiz desde o último reset